| 000 | 00344nam a22001577a 4500 | ||
|---|---|---|---|
| 003 | SGT | ||
| 020 | _a0849329760 | ||
| 082 |
_a615.53 _bN06C |
||
| 100 | _aCSEKE, LELANDJ,ed. | ||
| 245 | _aNATURAL PRODUCTFROM PLANT | ||
| 250 | _a2ND | ||
| 260 |
_aINDIA _bTAYLOR & FRANCE _c2006 |
||
| 300 | _a611 | ||
| 650 | _aPHARMACOGONOSY | ||
| 942 |
_2ddc _cBK |
||
| 999 |
_c22930 _d22930 |
||